00577nam a2200169 4500003000900000020001500009040002800024082001600052100003600068245007200104260003700176300003000213500002900243650003700272650006400309650003400373CO-ViMGA a9583018333 aCO-ViMGAbspacCO-ViMGA04a928.2bC17c1 aCadavid, Jorge Hernando,d1962.10aLewis Carroll :blos juegos del lenguaje /cJorge Hernando Cadavid. aColombia :bPanamericana,c2005. a116 p. :bfot. , ; 21 cm. aIncluye biblilografía.14aAutores ingleses - Biografías.14aCarroll, Lewis, 1832 - 1898 - Crítica e interpretación.14aCarroll, Lewis,y1832 - 1898.